Ihya Ulumiddin : jilid 4
| Main Author: | |
|---|---|
| Format: | Book |
| Published: |
KL :
Victory Ajensi ,
1988
|
| Subjects: |
MARC
| LEADER | 00000cam a2200000 7i4500 | ||
|---|---|---|---|
| 001 | 0000039910 | ||
| 005 | 20140113.0 | ||
| 008 | 140113 | ||
| 020 | |a 9839581082 | ||
| 090 | 0 | 0 | |a 297.44 |b GHA |
| 100 | 1 | |a Ghazali | |
| 245 | 1 | 0 | |a Ihya Ulumiddin : |b jilid 4 |c oleh Imam Ghazali |
| 260 | |a KL : |b Victory Ajensi , |c 1988 | ||
| 650 | 0 | |a Islamic ethics | |
| 999 | |a 0001262118 |b Book |c REFERENCE |e Perbadanan Perpustakaan Awam Johor | ||